[Event "74th UKR-ch"]
[Site "Rivne UKR"]
[Date "2005.08.24"]
[Round "1.1"]
[White "Alexikov, Alexander"]
[WhiteElo "2369"]
[Black "Neverov, Valeriy"]
[BlackElo "2572"]
[Result "0-1"]
[EventDate "2005.08.??"]
[PlyCount "74"]

1. e4 c5 2. Nf3 e6 3. d4 cxd4 4. Nxd4 a6 5. Bd3 Bc5 6. Nb3 Ba7 7. Nc3 d6 8. O-O Nf6 9. Qe2 Nc6 10. Kh1 b5 11. f4 b4 12. Nd1 Qc7 13. Bd2 a5 14. a4 O-O 15. Rf3 Bb7 16. Be1 d5 17. e5 Ne4 18. Nf2 Qb6 19. Nh3 f6 20. exf6 Rxf6 21. Bf2 Nxf2+ 22. Nxf2 Re8 23. Ng4 Rff8 24. Bb5 Re7 25. c3 bxc3 26. bxc3 d4 27. Raf1 dxc3 28. Rxc3 Rxf4 29. Rfc1 Nd4 30. Nxd4 Rxd4 31. h4 Rd8 32. Bc6 Bxc6 33. Rxc6 Qb3 34. Rc8 Qb6 35. Rxd8+ Qxd8 36. Qa6 Qd4 37. Re1 Qxg4 0-1

[Event "74th UKR-ch"]
[Site "Rivne UKR"]
[Date "2005.08.25"]
[Round "1.2"]
[White "Neverov, Valeriy"]
[WhiteElo "2572"]
[Black "Alexikov, Alexander"]
[BlackElo "2369"]
[Result "1/2-1/2"]
[EventDate "2005.08.??"]
[PlyCount "66"]

1. d4 Nf6 2. c4 d6 3. Nc3 e5 4. dxe5 dxe5 5. Qxd8+ Kxd8 6. Bg5 Nbd7 7. O-O-O c6 8. Bxf6+ gxf6 9. g3 Kc7 10. Bh3 a5 11. Nf3 Bb4 12. Ne4 Nc5 13. Bxc8 Nxe4 14. Bf5 Nd6 15. Nh4 a4 16. a3 Bc5 17. e3 e4 18. Rd2 h5 19. Rhd1 Rhe8 20. Bh3 Re5 21. Bf1 Rh8 22. Ng2 f5 23. h4 Re6 24. Nf4 Reh6 25. Be2 R8h7 26. Kb1 Rh8 27. Rc1 Nc8 28. Bd1 Nb6 29. Be2 Nd7 30. Bd1 Nb6 31. Be2 R8h7 32. Bd1 Rh8 33. Be2 Nd7 {Wei kann keine Fortschritte machen, also Remis.} 1/2-1/2

[Event "74th UKR-ch"]
[Site "Rivne UKR"]
[Date "2005.08.24"]
[Round "1.1"]
[White "Baklan, Volodymyr"]
[WhiteElo "2584"]
[Black "Onyshchuk, Volodymyr"]
[BlackElo "2349"]
[Result "1-0"]
[EventDate "2005.08.??"]
[PlyCount "63"]

1. e4 c5 2. Nf3 d6 3. d4 cxd4 4. Nxd4 Nf6 5. f3 Nc6 6. Nc3 e5 7. Nb3 Be7 8. Be3 Be6 9. Nd5 Bxd5 10. exd5 Nb8 11. Qd2 O-O 12. Be2 Nh5 13. O-O f5 14. f4 exf4 15. Bd4 Nf6 16. Qxf4 Ne8 17. Qe3 Nc7 18. Bd3 g6 19. g4 Bg5 20. Qh3 Bf6 21. gxf5 g5 22. Qg3 Kh8 23. c4 b6 24. Kh1 h6 25. Rae1 Rg8 26. Bxf6+ Qxf6 27. Nd2 Re8 28. Rxe8+ Nxe8 29. Ne4 Qf8 30. f6 Nd7 31. f7 Ng7 32. Qh3 1-0

[Event "74th UKR-ch"]
[Site "Rivne UKR"]
[Date "2005.08.25"]
[Round "1.2"]
[White "Onyshchuk, Volodymyr"]
[WhiteElo "2349"]
[Black "Baklan, Volodymyr"]
[BlackElo "2584"]
[Result "1/2-1/2"]
[EventDate "2005.08.??"]
[PlyCount "154"]

1. e4 c5 2. Nf3 d6 3. d4 cxd4 4. Nxd4 Nf6 5. Nc3 Nc6 6. Be2 e5 7. Nf3 h6 8. O-O Be7 9. Re1 O-O 10. h3 a6 11. a4 Be6 12. Bf1 Qa5 13. Qd2 Kh8 14. b3 d5 15. Nxd5 Qxd2 16. Nxd2 Nxd5 17. exd5 Bxd5 18. Nc4 Bb4 19. Rd1 Be4 20. Bd3 Rad8 21. Bb2 Bxd3 22. Rxd3 Rxd3 23. cxd3 f6 24. Kf1 Kg8 25. Ke2 Kf7 26. Rc1 Rc8 27. Kf1 Ke6 28. Ne3 Rd8 29. Ke2 Be7 30. g4 g6 31. Ng2 f5 32. f4 Bf6 33. Ba1 fxg4 34. hxg4 exf4 35. Nxf4+ Kf7 36. Bxf6 Kxf6 37. Rh1 Re8+ 38. Kd2 Ne5 39. Nd5+ Kg5 40. Nc3 Rd8 41. Ne4+ Kxg4 42. Rxh6 Rxd3+ 43. Kc2 Rd8 44. Rh7 Kf4 45. Rh4+ Kf5 46. Ng3+ Ke6 47. Rb4 Rd7 48. Ne4 Rc7+ 49. Kd2 Kd5 50. Nf6+ Ke6 51. Ne4 Nd7 52. Ke3 Ke5 53. Nf2 g5 54. Re4+ Kf6 55. Rb4 Nc5 56. Kf3 Kg6 57. Kg4 Re7 58. Rd4 Nd7 59. b4 Ne5+ 60. Kg3 Nc6 61. Rd6+ Kf5 62. b5 axb5 63. axb5 Ne5 64. b6 Nc4 65. Rd5+ Re5 66. Rd7 Re3+ 67. Kg2 Nxb6 68. Rxb7 Nd5 69. Rb5 Ke6 70. Ng4 Nf4+ 71. Kf2 Ra3 72. Re5+ Kf7 73. Re3 Ra4 74. Rb3 Nd5 75. Ne3 Nf6 76. Rb6 Rf4+ 77. Kg2 Ne4 1/2-1/2

[Event "74th UKR-ch"]
[Site "Rivne UKR"]
[Date "2005.08.24"]
[Round "1.1"]
[White "Burlai, Oleg"]
[WhiteElo "2344"]
[Black "Borovikov, Vladislav"]
[BlackElo "2595"]
[Result "1/2-1/2"]
[EventDate "2005.08.??"]
[PlyCount "43"]

1. e4 c5 2. b3 e6 3. Nf3 d6 4. c4 Nf6 5. Nc3 Nc6 6. Be2 Nd4 7. O-O Be7 8. d3 O-O 9. Nxd4 cxd4 10. Nb5 e5 11. f4 a6 12. Na3 Rb8 13. Nc2 b5 14. Bd2 Bb7 15. Bg4 bxc4 16. bxc4 Nxg4 17. Qxg4 Bc8 18. Qe2 Rb2 19. Bc1 Rb7 20. Bd2 Rb2 21. Bc1 Rb7 22. Bd2 1/2-1/2

[Event "74th UKR-ch"]
[Site "Rivne UKR"]
[Date "2005.08.25"]
[Round "1.2"]
[White "Borovikov, Vladislav"]
[WhiteElo "2595"]
[Black "Burlai, Oleg"]
[BlackElo "2344"]
[Result "1-0"]
[EventDate "2005.08.??"]
[PlyCount "59"]

1. d4 Nf6 2. Nf3 g6 3. c4 Bg7 4. g3 O-O 5. Bg2 d5 6. cxd5 Nxd5 7. O-O Nb6 8. Nc3 Nc6 9. d5 Na5 10. Qc2 c6 11. dxc6 Nxc6 12. Rd1 Qc7 13. Nb5 Qb8 14. Bf4 e5 15. Be3 Bf5 16. Qc5 Nc8 17. Ng5 a6 18. Nc3 N8e7 19. Nd5 Nxd5 20. Bxd5 Nd8 21. Rac1 h6 22. Ne4 Be6 23. Qb6 Bxd5 24. Rxd5 Ne6 25. Rd7 Rc8 26. Rxc8+ Qxc8 27. Rxf7 Rb8 28. Re7 Nf8 29. Qb3+ Kh8 30. Qf7 1-0

[Event "74th UKR-ch"]
[Site "Rivne UKR"]
[Date "2005.08.24"]
[Round "1.1"]
[White "Kononenko, Dmitry"]
[WhiteElo "2430"]
[Black "Hrytsak, Orest"]
[BlackElo "2537"]
[Result "1-0"]
[EventDate "2005.08.??"]
[PlyCount "49"]

1. e4 c5 2. Nf3 e6 3. d4 cxd4 4. Nxd4 Nc6 5. Nc3 a6 6. Be2 Nge7 7. O-O b5 8. Bf4 Nxd4 9. Qxd4 Nc6 10. Qd3 Be7 11. Qg3 O-O 12. e5 Bh4 13. Qg4 f5 14. exf6 Bxf6 15. Bd6 Be7 16. Rad1 Bxd6 17. Rxd6 Bb7 18. Bd3 Qe7 19. Rd1 Rfd8 20. Be4 Rac8 21. Qh5 h6 22. Qg6 Rc7 23. Qh7+ Kf8 24. Bg6 Qf6 25. Nd5 1-0

[Event "74th UKR-ch"]
[Site "Rivne UKR"]
[Date "2005.08.25"]
[Round "1.2"]
[White "Hrytsak, Orest"]
[WhiteElo "2537"]
[Black "Kononenko, Dmitry"]
[BlackElo "2430"]
[Result "1/2-1/2"]
[EventDate "2005.08.??"]
[PlyCount "98"]

1. Nf3 c5 2. g3 Nc6 3. Bg2 g6 4. c4 Bg7 5. Nc3 e6 6. d3 Nge7 7. Bg5 h6 8. Bd2 O-O 9. a3 d5 10. O-O b6 11. Rb1 Bb7 12. Qc1 Kh7 13. b4 cxb4 14. axb4 dxc4 15. dxc4 Qc8 16. Ne4 Nf5 17. c5 Ncd4 18. Nxd4 Nxd4 19. Re1 Bd5 20. Nd6 Qa6 21. Bxd5 exd5 22. Qd1 Nb5 23. Nxb5 Qxb5 24. cxb6 axb6 25. Qb3 Rfe8 26. e3 Rac8 27. Rec1 Rc4 28. Rd1 d4 29. Qd3 Qc6 30. b5 Qe6 31. Re1 dxe3 32. Rxe3 Re4 33. Rbe1 f5 34. f3 Rxe3 35. Rxe3 Qc8 36. Rxe8 Qxe8 37. Be3 Qe6 38. Bf2 Bf8 39. Qe3 Qd5 40. Qxb6 Qxf3 41. Qc6 Qd1+ 42. Kg2 Qd6 43. h4 Qe5 44. b6 Bd6 45. Qc4 Qe7 46. Qd5 Bb8 47. h5 Bd6 48. b7 f4 49. hxg6+ Kxg6 1/2-1/2

[Event "74th UKR-ch"]
[Site "Rivne UKR"]
[Date "2005.08.24"]
[Round "1.1"]
[White "Korobov, Anton"]
[WhiteElo "2554"]
[Black "Tarlev, Konstantin"]
[BlackElo "2409"]
[Result "1-0"]
[EventDate "2005.08.??"]
[PlyCount "144"]

1. d4 Nf6 2. c4 e6 3. Nc3 Bb4 4. e3 O-O 5. Bd3 d5 6. Nf3 dxc4 7. Bxc4 c5 8. O-O Nbd7 9. a3 Bxc3 10. bxc3 b6 11. Bd3 Bb7 12. Re1 Ne4 13. Bb2 Ng5 14. Nxg5 Qxg5 15. f3 e5 16. Qe2 Rad8 17. Rad1 exd4 18. cxd4 cxd4 19. Bxd4 Nc5 20. Bb1 Ne6 21. Bb2 Rfe8 22. Kh1 Rxd1 23. Rxd1 Rd8 24. Rxd8+ Qxd8 25. Qc2 Qh4 26. Bc3 Nf8 27. Ba2 Qe7 28. Bb4 Qd7 29. Kg1 a5 30. Bc3 Bd5 31. Bb1 Qe7 32. Bd4 Qxa3 33. Qc7 Qb4 34. Bd3 Ne6 35. Qb8+ Qf8 36. Qxf8+ Kxf8 37. Bxb6 a4 38. Ba5 Ke7 39. Bb4+ Kd7 40. Kf2 Kc6 41. e4 Bb3 42. Ke3 Nc7 43. h4 g6 44. Kf4 Ne6+ 45. Ke5 Nc5 46. Be2 Nd7+ 47. Kd4 f6 48. Be7 f5 49. exf5 gxf5 50. Bd3 Be6 51. h5 h6 52. Ba3 Nf6 53. Bc2 Bb3 54. Bxf5 Nxh5 55. Ke5 Ng3 56. Bd3 Kd7 57. Bb5+ Kd8 58. Bc1 h5 59. Kf4 h4 60. Kg4 Ke7 61. Bd3 Ke6 62. Kxh4 Nf5+ 63. Kg5 Nd6 64. f4 Bc4 65. Bg6 Nf7+ 66. Kh4 Nd6 67. g4 Nb5 68. f5+ Ke7 69. g5 a3 70. f6+ Kf8 71. Bc2 Kf7 72. Kh5 Nd4 1-0

[Event "74th UKR-ch"]
[Site "Rivne UKR"]
[Date "2005.08.25"]
[Round "1.2"]
[White "Tarlev, Konstantin"]
[WhiteElo "2409"]
[Black "Korobov, Anton"]
[BlackElo "2554"]
[Result "0-1"]
[EventDate "2005.08.??"]
[PlyCount "57"]

1. e4 c5 2. Nf3 d6 3. c3 Nf6 4. h3 Nbd7 5. Bd3 b6 6. O-O Bb7 7. Re1 e6 8. Bc2 Be7 9. d4 O-O 10. Bg5 Rc8 11. Nbd2 cxd4 12. cxd4 Rc7 13. Bd3 h6 14. Bf4 e5 15. Bg3 exd4 16. Nxd4 Nc5 17. Bc2 a5 18. a3 a4 19. Nf5 b5 20. Qe2 Re8 21. Qxb5 Bf8 22. Rad1 g6 23. e5 gxf5 24. exf6 Rxe1+ 25. Rxe1 Qxf6 26. Qb4 Ne6 27. Bd3 f4 28. Ne4 Qd8 29. Qxa4 0-1

[Event "74th UKR-ch"]
[Site "Rivne UKR"]
[Date "2005.08.24"]
[Round "1.1"]
[White "Kuzubov, Yuriy"]
[WhiteElo "2535"]
[Black "Smirnov, Igor"]
[BlackElo "2451"]
[Result "1/2-1/2"]
[EventDate "2005.08.??"]
[PlyCount "54"]

1. d4 Nf6 2. c4 e6 3. Nc3 Bb4 4. g3 c5 5. Nf3 Ne4 6. Qd3 Qa5 7. Qxe4 Bxc3+ 8. Bd2 Bxd2+ 9. Nxd2 Nc6 10. dxc5 b6 11. Bg2 Bb7 12. Qf4 Qxc5 13. a3 O-O 14. b4 Qh5 15. Bf3 Qh3 16. Qd6 Rad8 17. Nb3 Rc8 18. Rd1 Nd8 19. c5 Bxf3 20. exf3 e5 21. Ke2 Ne6 22. Rd3 bxc5 23. bxc5 e4 24. fxe4 Qg2 25. Rhd1 Qxe4+ 26. Re3 Qc4+ 27. Kf3 Nxc5 1/2-1/2

[Event "74th UKR-ch"]
[Site "Rivne UKR"]
[Date "2005.08.25"]
[Round "1.2"]
[White "Smirnov, Igor"]
[WhiteElo "2451"]
[Black "Kuzubov, Yuriy"]
[BlackElo "2535"]
[Result "1/2-1/2"]
[EventDate "2005.08.??"]
[PlyCount "50"]

1. e4 c5 2. Nf3 Nc6 3. d4 cxd4 4. Nxd4 Nf6 5. Nc3 e5 6. Ndb5 d6 7. Bg5 a6 8. Na3 b5 9. Nd5 Be7 10. Bxf6 Bxf6 11. c3 O-O 12. Nc2 Rb8 13. Be2 Bg5 14. Qd3 a5 15. O-O Be6 16. Rfd1 g6 17. Na3 Na7 18. b4 f5 19. Bf3 Kh8 20. Nc2 axb4 21. Ncxb4 Qd7 22. Na6 Rbd8 23. Nac7 Bg8 24. a4 bxa4 25. Qa6 Nc8 1/2-1/2

[Event "74th UKR-ch"]
[Site "Rivne UKR"]
[Date "2005.08.24"]
[Round "1.1"]
[White "Labenskyi, Ihor"]
[WhiteElo "2407"]
[Black "Brodsky, Mikhail"]
[BlackElo "2554"]
[Result "0-1"]
[EventDate "2005.08.??"]
[PlyCount "81"]

1. d4 Nf6 2. c4 e6 3. Nc3 Bb4 4. a3 Bxc3+ 5. bxc3 b6 6. e3 Bb7 7. f3 Nc6 8. Bd3 Na5 9. e4 Ba6 10. e5 Ng8 11. Qa4 c5 12. Be3 Qc7 13. Rc1 Ne7 14. Ne2 Qc6 15. Qc2 Bxc4 16. dxc5 Nd5 17. Bf2 bxc5 18. Bxc4 Nxc4 19. Qe4 Nde3 20. Qxc6 dxc6 21. Nf4 O-O-O 22. Bxe3 Nxe3 23. Ke2 Nc4 24. Nd3 Rd5 25. f4 Kc7 26. Rhf1 Rb8 27. Rc2 Nxa3 28. Ra2 Rb3 29. Rc1 a5 30. Nb2 c4 31. Nd1 Nb5 32. Ra4 Ra3 33. Rxa3 Nxa3 34. Ra1 Nb5 35. Ke1 a4 36. Ne3 Nxc3 37. Nxc4 Rd4 38. Nb2 Rxf4 39. Ra3 Re4+ 40. Kf2 Re2+ 41. Kf3 0-1

[Event "74th UKR-ch"]
[Site "Rivne UKR"]
[Date "2005.08.25"]
[Round "1.2"]
[White "Brodsky, Mikhail"]
[WhiteElo "2554"]
[Black "Labenskyi, Ihor"]
[BlackElo "2407"]
[Result "1-0"]
[EventDate "2005.08.??"]
[PlyCount "75"]

1. Nf3 c5 2. c4 g6 3. d4 Nf6 4. Nc3 Bg7 5. e4 d6 6. d5 O-O 7. Be2 b5 8. cxb5 a6 9. O-O axb5 10. Bxb5 Ba6 11. Qe2 Bxb5 12. Nxb5 Qb6 13. a4 Na6 14. Nd2 Nc7 15. Nc4 Qb7 16. Nxc7 Qxc7 17. Bg5 Rfb8 18. a5 Kf8 19. Ra4 Nd7 20. Rfa1 Ra7 21. Bf4 Qb7 22. h3 Qb5 23. Qc2 Ne5 24. Bxe5 Bxe5 25. a6 Bd4 26. Ra5 Qd7 27. R1a3 e6 28. Rb3 Re8 29. Ra1 exd5 30. exd5 Qd8 31. Rb7 Re7 32. Rb6 Red7 33. Rc6 Kg7 34. Qd2 Qf6 35. Re1 Qf5 36. Nxd6 Qxd5 37. Ne8+ Kf8 38. Qh6+ 1-0

[Event "74th UKR-ch"]
[Site "Rivne UKR"]
[Date "2005.08.24"]
[Round "1.1"]
[White "Lahno, Kateryna"]
[WhiteElo "2498"]
[Black "Andreev, Eduard"]
[BlackElo "2497"]
[Result "1-0"]
[EventDate "2005.08.??"]
[PlyCount "61"]

1. e4 e6 2. d4 d5 3. Nc3 Bb4 4. e5 Ne7 5. a3 Bxc3+ 6. bxc3 c5 7. Qg4 Kf8 8. a4 Qc7 9. Nf3 b6 10. Ba3 Ba6 11. Bb5 h6 12. O-O Kg8 13. c4 Bb7 14. cxd5 Nxd5 15. dxc5 bxc5 16. Rfe1 a6 17. Bd3 Nd7 18. Rab1 Rc8 19. Rb3 a5 20. Bb5 Bc6 21. h4 Nb4 22. Re2 Nb6 23. Nd2 h5 24. Qg5 Rh6 25. Bxc6 Qxc6 26. Ne4 Nd7 27. Rg3 Rh7 28. c4 Qxa4 29. Rd2 Qc6 30. Rxd7 Qxe4 31. Rd8+ 1-0

[Event "74th UKR-ch"]
[Site "Rivne UKR"]
[Date "2005.08.25"]
[Round "1.2"]
[White "Andreev, Eduard"]
[WhiteElo "2497"]
[Black "Lahno, Kateryna"]
[BlackElo "2498"]
[Result "1/2-1/2"]
[EventDate "2005.08.??"]
[PlyCount "235"]

1. e4 e5 2. Nf3 Nf6 3. Nxe5 d6 4. Nf3 Nxe4 5. Nc3 Nxc3 6. dxc3 Be7 7. Bf4 Nc6 8. Qd2 Bg4 9. Be2 Qd7 10. O-O-O O-O-O 11. h3 Be6 12. Ng5 Bxg5 13. Bxg5 Rde8 14. c4 Bf5 15. Rhe1 h5 16. Qc3 Be4 17. Bf1 Qf5 18. Be3 Qe5 19. Qd2 Qf6 20. a3 Bf5 21. f3 a6 22. Bf2 Re5 23. f4 Ree8 24. g3 Be4 25. Re3 Re7 26. Qc3 Qxc3 27. Rxc3 a5 28. b3 b6 29. Re3 f5 30. Kb2 g6 31. Kc3 Rhe8 32. b4 Kb7 33. Ree1 Bf3 34. Rxe7 Rxe7 35. Rb1 Kc8 36. c5 axb4+ 37. axb4 bxc5 38. bxc5 d5 39. Bb5 Kd7 40. Ra1 Be2 41. Ba4 Bc4 42. Bd4 Re2 43. Rg1 Re8 44. g4 hxg4 45. hxg4 Ra8 46. Bxc6+ Kxc6 47. gxf5 gxf5 48. Rg6+ Kb5 49. Rf6 Rg8 50. Rxf5 Rg3+ 51. Kd2 Rf3 52. Rf7 Bf1 53. f5 Kc6 54. f6 Bh3 55. Re7 Bg4 56. c3 Rf1 57. Rg7 Bh5 58. Rh7 Bg4 59. Rh6 Kd7 60. c6+ Ke6 61. Rg6 Bh5 62. Rh6 Bg4 63. Rh7 Kd6 64. Re7 Kxc6 65. Be5 Rf3 66. Rxc7+ Kb6 67. Rg7 Be6 68. Ke2 Rf5 69. Bd4+ Kc6 70. Ra7 Kd6 71. Ke3 Kc6 72. Ra6+ Kd7 73. Rb6 Rf1 74. Rb7+ Kc6 75. Rg7 Kd6 76. Rg5 Rf5 77. Bc5+ Ke5 78. Bd4+ Kd6 79. Rg1 Kc6 80. Kd2 Kd6 81. Kc2 Rh5 82. Kb3 Rh7 83. Rg5 Bf7 84. Kb4 Rh8 85. Rg7 Rb8+ 86. Ka5 Ke6 87. Rg1 Kf5 88. Rg7 Ke6 89. Rg5 Kd7 90. Ka6 Kc6 91. Ka7 Rc8 92. Rg7 Rc7+ 93. Kb8 Rb7+ 94. Ka8 Rd7 95. Be5 Kb6 96. Bd4+ Kc6 97. Rg1 Rd8+ 98. Ka7 Rd7+ 99. Ka6 Rb7 100. Ra1 Kc7 101. Ra5 Rb3 102. Rc5+ Kd7 103. Ra5 Kc6 104. Ka7 Rb1 105. Ra6+ Kd7 106. Be5 Re1 107. Rd6+ Ke8 108. Bd4 Re6 109. Rxd5 Rxf6 110. Rc5 Rd6 111. Kb7 Bd5+ 112. Kc7 Rd7+ 113. Kb6 Rb7+ 114. Ka6 Rd7 115. c4 Bf3 116. Re5+ Re7 117. Rg5 Re4 118. Re5+ 1/2-1/2

[Event "74th UKR-ch"]
[Site "Rivne UKR"]
[Date "2005.08.24"]
[Round "1.1"]
[White "Malakhatko, Vadym"]
[WhiteElo "2556"]
[Black "Truskavetsky, Alexandr"]
[BlackElo "2399"]
[Result "1-0"]
[EventDate "2005.08.??"]
[PlyCount "64"]

1. d4 Nf6 2. Nf3 c5 3. d5 g6 4. c4 Bg7 5. Nc3 O-O 6. e4 d6 7. h3 e6 8. Bd3 exd5 9. cxd5 b5 10. Bxb5 Nxe4 11. Nxe4 Qa5+ 12. Nfd2 Qxb5 13. Nxd6 Qd7 14. N2c4 Ba6 15. O-O Be5 16. Nxe5 Qxd6 17. Re1 Bb7 18. Bh6 Rd8 19. Qf3 Bxd5 20. Qc3 Qf6 21. Qxc5 Na6 22. Qa3 Bb7 23. Qg3 Re8 24. Bg5 Qf5 25. h4 h5 26. Nc4 Rxe1+ 27. Rxe1 Bd5 28. Ne3 Qe4 29. f3 Qe6 30. Nxd5 Qxd5 31. Bf6 Nc5 32. Qf4 Ne6 1-0

[Event "74th UKR-ch"]
[Site "Rivne UKR"]
[Date "2005.08.25"]
[Round "1.2"]
[White "Truskavetsky, Alexandr"]
[WhiteElo "2399"]
[Black "Malakhatko, Vadym"]
[BlackElo "2556"]
[Result "0-1"]
[EventDate "2005.08.??"]
[PlyCount "95"]

1. d4 d5 2. c4 c6 3. Nf3 Nf6 4. Nc3 e6 5. e3 a6 6. Bd3 dxc4 7. Bxc4 b5 8. Bd3 c5 9. O-O Bb7 10. Qe2 Nbd7 11. Rd1 Qb8 12. h3 Bd6 13. dxc5 Bxc5 14. e4 O-O 15. Bg5 h6 16. Bh4 Bd6 17. Bc2 Bf4 18. Bxf6 Nxf6 19. Rd4 Bc7 20. Rad1 Bb6 21. Rd6 Bc7 22. R6d4 g6 23. a3 Nh5 24. Kh1 Bc6 25. e5 Bxf3 26. Qxf3 Bxe5 27. Rh4 Bg7 28. Rd7 Ra7 29. Rd1 Rd8 30. Re1 Rd2 31. Bb3 Rxb2 32. Ne4 Qd8 33. Rg4 Nf6 34. Rf4 Nxe4 35. Rfxe4 Re7 36. Rd1 Rd2 37. Rb1 Rd3 38. Qe2 Kh7 39. a4 Rd2 40. Qe1 Rdd7 41. axb5 axb5 42. Rf4 Rd4 43. Qe3 Rxf4 44. Qxf4 Bc3 45. Bc2 b4 46. h4 h5 47. g3 Kg7 48. Qf3 0-1

[Event "74th UKR-ch"]
[Site "Rivne UKR"]
[Date "2005.08.24"]
[Round "1.1"]
[White "Nedilko, Vasyl"]
[WhiteElo "2334"]
[Black "Yefymenko, Zakhar"]
[BlackElo "2643"]
[Result "1-0"]
[EventDate "2005.08.??"]
[PlyCount "127"]

1. d4 d6 2. g3 Nf6 3. Bg2 c5 4. dxc5 Qa5+ 5. Nc3 Qxc5 6. Nf3 g6 7. O-O Bg7 8. Bg5 Nbd7 9. Qd2 O-O 10. Bh6 Nb6 11. Bxg7 Kxg7 12. Qd4 Qa5 13. Nd2 Rd8 14. a4 Nbd7 15. Nb3 Qh5 16. a5 a6 17. Ra4 Ne5 18. Qb6 Re8 19. Rh4 Qf5 20. Bh3 Ned7 21. Qe3 Qe5 22. Qh6+ Kg8 23. e4 Nh5 24. Qe3 Nf8 25. f4 Qg7 26. f5 Nf6 27. e5 dxe5 28. Qxe5 gxf5 29. Bxf5 Ng6 30. Bxg6 hxg6 31. Rb4 Nd7 32. Qxg7+ Kxg7 33. Nd5 Ra7 34. Rc4 Ne5 35. Rc7 Bh3 36. Ra1 e6 37. Nb6 Rd8 38. Kf2 g5 39. Ke2 Bg2 40. h4 Kg6 41. Ra4 Bf3+ 42. Kf2 Bc6 43. Rd4 Rh8 44. Nd2 Rh5 45. Ndc4 gxh4 46. Rxh4 Rf5+ 47. Rf4 Rxf4+ 48. gxf4 Nxc4 49. Nxc4 Ra8 50. Ne5+ Kf5 51. Ke3 f6 52. Nxc6 bxc6 53. Rxc6 Rb8 54. b3 Rb4 55. Rxa6 Re4+ 56. Kd3 Rxf4 57. Ra8 Rf1 58. a6 e5 59. a7 Ra1 60. b4 Kf4 61. Ke2 Ra2 62. b5 Rxc2+ 63. Kd1 Ra2 64. b6 1-0

[Event "74th UKR-ch"]
[Site "Rivne UKR"]
[Date "2005.08.25"]
[Round "1.2"]
[White "Yefymenko, Zakhar"]
[WhiteElo "2643"]
[Black "Nedilko, Vasyl"]
[BlackElo "2334"]
[Result "1-0"]
[EventDate "2005.08.??"]
[PlyCount "69"]

1. e4 c5 2. Nf3 d6 3. d4 cxd4 4. Nxd4 Nf6 5. Nc3 a6 6. f3 e5 7. Nb3 Be7 8. Be3 O-O 9. Qd2 Be6 10. O-O-O a5 11. Kb1 a4 12. Nc1 a3 13. b3 Ra5 14. Qf2 Nbd7 15. Bd2 Ra8 16. g4 Qc7 17. Nb5 Qc6 18. c4 Nc5 19. Nc3 Bd8 20. h4 Ba5 21. Qe1 Bxc3 22. Bxc3 Nfxe4 23. fxe4 Bxg4 24. Be2 Qxe4+ 25. Ka1 Bxe2 26. Qxe2 Qxe2 27. Nxe2 Ne4 28. Be1 f5 29. Nc3 Nxc3 30. Bxc3 Rae8 31. Rxd6 f4 32. Kb1 e4 33. Kc2 f3 34. Kd2 e3+ 35. Ke1 1-0

[Event "74th UKR-ch"]
[Site "Rivne UKR"]
[Date "2005.08.24"]
[Round "1.1"]
[White "Ushenina, Anna"]
[WhiteElo "2389"]
[Black "Romanyshyn, Oleh"]
[BlackElo "2570"]
[Result "1-0"]
[EventDate "2005.08.??"]
[PlyCount "79"]

1. d4 d5 2. c4 dxc4 3. e3 Nf6 4. Bxc4 g6 5. Qb3 e6 6. Nf3 Bg7 7. O-O O-O 8. Nc3 Nc6 9. Be2 b6 10. Rd1 Bb7 11. e4 h6 12. a3 g5 13. h3 Ne7 14. Qc2 Ng6 15. Be3 Qe7 16. Rac1 Rac8 17. e5 Nd5 18. Nxd5 Bxd5 19. Ba6 Rcd8 20. Qe2 c6 21. Bc4 Qd7 22. Bxd5 cxd5 23. Qd2 Rc8 24. h4 g4 25. Nh2 h5 26. f3 gxf3 27. Nxf3 Rxc1 28. Rxc1 Rc8 29. Rf1 Qa4 30. Rf2 Rc7 31. Bh6 Qc4 32. Kh2 Qb3 33. Bxg7 Kxg7 34. Qg5 Rc2 35. Qf6+ Kg8 36. Nd2 Qd3 37. Qxf7+ Kh8 38. Qe8+ Kh7 39. Rf7+ Kh6 40. Qg8 1-0

[Event "74th UKR-ch"]
[Site "Rivne UKR"]
[Date "2005.08.25"]
[Round "1.2"]
[White "Romanyshyn, Oleh"]
[WhiteElo "2570"]
[Black "Ushenina, Anna"]
[BlackElo "2389"]
[Result "1-0"]
[EventDate "2005.08.??"]
[PlyCount "61"]

1. d4 d5 2. c4 c6 3. Nf3 Nf6 4. Nc3 e6 5. g3 Nbd7 6. Bg2 Bd6 7. O-O O-O 8. Nd2 Be7 9. e4 dxc4 10. Nxc4 b5 11. Ne3 b4 12. Na4 Ba6 13. Re1 Rc8 14. b3 Bb5 15. Bb2 Nb6 16. Rc1 Nxa4 17. bxa4 Ba6 18. Nc4 Bb7 19. a5 c5 20. d5 exd5 21. exd5 Nxd5 22. Re5 Bf6 23. Rxd5 Bxd5 24. Bxf6 Qxf6 25. Bxd5 Rfd8 26. Ne3 Qd4 27. Qf3 Rd7 28. Rc4 Qd3 29. Be4 Qd6 30. Bf5 Qf6 31. Kg2 1-0

[Event "74th UKR-ch"]
[Site "Rivne UKR"]
[Date "2005.08.24"]
[Round "1.1"]
[White "Zinchenko, Yaroslav"]
[WhiteElo "2493"]
[Black "Kovalchuk, Volodymyr"]
[BlackElo "2131"]
[Result "1-0"]
[EventDate "2005.08.??"]
[PlyCount "57"]

1. e4 c5 2. Nf3 d6 3. d4 cxd4 4. Nxd4 Nf6 5. Nc3 a6 6. a4 e5 7. Nf3 Bg4 8. Bc4 Nbd7 9. h3 Bh5 10. O-O Be7 11. Qe2 O-O 12. Rd1 Rc8 13. g4 Bg6 14. Nh4 Ne8 15. Nf5 Bxf5 16. exf5 Nc5 17. Bd5 Kh8 18. a5 g6 19. Qf3 Nc7 20. Bh6 Nxd5 21. Bxf8 Nxc3 22. Bxe7 Qxe7 23. Qxc3 gxf5 24. b4 fxg4 25. bxc5 Rg8 26. cxd6 Qf6 27. h4 g3 28. fxg3 Qf4 29. Ra3 1-0

[Event "74th UKR-ch"]
[Site "Rivne UKR"]
[Date "2005.08.25"]
[Round "1.2"]
[White "Kovalchuk, Volodymyr"]
[WhiteElo "2131"]
[Black "Zinchenko, Yaroslav"]
[BlackElo "2493"]
[Result "0-1"]
[EventDate "2005.08.??"]
[PlyCount "86"]

1. e4 c5 2. Nf3 Nc6 3. Bb5 e6 4. Bxc6 bxc6 5. e5 f6 6. exf6 Nxf6 7. O-O Be7 8. b3 O-O 9. Bb2 d6 10. d4 cxd4 11. Nxd4 Bd7 12. c4 e5 13. Ne2 Qc7 14. Nbc3 Rad8 15. Qd2 Be8 16. Rac1 d5 17. cxd5 cxd5 18. Na4 Qb8 19. Qa5 Bb4 20. Qc7 Qxc7 21. Rxc7 Bb5 22. Ng3 Bxf1 23. Kxf1 Rd7 24. Rc6 d4 25. a3 Be7 26. Nf5 Ne4 27. Nxe7+ Rxe7 28. f3 Nd2+ 29. Ke2 Nxb3 30. Kd3 Rf6 31. Rc8+ Kf7 32. Rb8 Na5 33. Bc1 Rb7 34. Rc8 Rc6 35. Rxc6 Nxc6 36. Nc5 Rb1 37. Bd2 Rh1 38. h3 Rh2 39. g4 Rxh3 40. Ke4 Rh2 41. Nb3 Ke6 42. Nc5+ Kd6 43. Nb7+ Kc7 0-1

[Event "74th UKR-ch"]
[Site "Rivne UKR"]
[Date "2005.08.24"]
[Round "1.1"]
[White "Zubarev, Alexander"]
[WhiteElo "2521"]
[Black "Moroz, Alexander"]
[BlackElo "2487"]
[Result "1/2-1/2"]
[EventDate "2005.08.??"]
[PlyCount "33"]

1. e4 c5 2. Nf3 Nc6 3. d4 cxd4 4. Nxd4 e5 5. Nb5 d6 6. N1c3 a6 7. Na3 b5 8. Nd5 Nf6 9. Bg5 Be7 10. Bxf6 Bxf6 11. c3 Ne7 12. Nxf6+ gxf6 13. Nc2 Bb7 14. Bd3 d5 15. exd5 Qxd5 16. Ne3 Qe6 17. Qh5 1/2-1/2

[Event "74th UKR-ch"]
[Site "Rivne UKR"]
[Date "2005.08.25"]
[Round "1.2"]
[White "Moroz, Alexander"]
[WhiteElo "2487"]
[Black "Zubarev, Alexander"]
[BlackElo "2521"]
[Result "1-0"]
[EventDate "2005.08.??"]
[PlyCount "89"]

1. e4 c5 2. Nf3 Nc6 3. Nc3 d6 4. d4 cxd4 5. Nxd4 Nf6 6. Be2 g6 7. O-O Nxd4 8. Qxd4 Bg7 9. Be3 O-O 10. Qd2 Be6 11. Bd4 Qa5 12. Rad1 Rfc8 13. a3 Nd7 14. Nd5 Qd8 15. Bxg7 Kxg7 16. c3 Bxd5 17. exd5 Nf6 18. Rfe1 Rc5 19. Bf3 a5 20. Qe3 b5 21. Rd4 Qc7 22. g4 Re8 23. Qd2 Rc4 24. g5 Nd7 25. Be2 Rc5 26. Bf1 Nb6 27. b4 axb4 28. cxb4 Rc2 29. Qd1 Ra8 30. Bxb5 Rxa3 31. Rde4 Nc8 32. Bd7 Qxd7 33. Qxc2 Rf3 34. Qd2 Kg8 35. R1e3 Rf5 36. f4 f6 37. gxf6 Rxf6 38. Qe2 Qf5 39. Rd4 Kg7 40. Qd3 Qg4+ 41. Rg3 Qd7 42. Rc4 Nb6 43. Rc6 Rxf4 44. Rxb6 Qc7 45. Qc3+ 1-0

[Event "74th UKR-ch"]
[Site "Rivne UKR"]
[Date "2005.08.26"]
[Round "2.1"]
[White "Borovikov, Vladislav"]
[WhiteElo "2595"]
[Black "Moroz, Alexander"]
[BlackElo "2487"]
[Result "1/2-1/2"]
[EventDate "2005.08.??"]
[PlyCount "56"]

1. Nf3 d5 2. c4 e6 3. b3 Nf6 4. Bb2 Be7 5. g3 O-O 6. Bg2 c5 7. O-O Nc6 8. e3 d4 9. exd4 cxd4 10. Re1 Ne8 11. Na3 f6 12. Nc2 e5 13. d3 Nc7 14. Rb1 a5 15. Bc1 Rb8 16. a3 b5 17. Bd2 Bd7 18. Qe2 Re8 19. Nh4 g6 20. Bxc6 Bxc6 21. Bxa5 Qd7 22. Bxc7 Qxc7 23. Nb4 Bxb4 24. axb4 Qd6 25. Qg4 Bd7 26. Qf3 Bc6 27. Qg4 Bd7 28. Qf3 Bc6 1/2-1/2